00452nam a22001337a 450000500170000002000360001703500320005303700130008510000200009824501280011825000110024626000420025730000190029920180823130200.0 a8170003431c1500.00 (set price) aB-92479, B-092478, B-092475 aDPLbENG aDhiman, Anil K. aBasics of information technology for librarians and information scientists :bIT's applications in LIS /cby Anil K. Dhiman aVol.II aNew DelhibEss Ess Publicationsc2003 a306p.c20 cms.